000 01087cam a22002651 4500
999 _c18500
_d18500
001 4528753
003 BDDh-ASL
005 20231015025718.0
008 790713s1955 enkab 000 0 eng
010 _a 52012272
040 _aDLC
_cDLC
_dBDDh-ASL
_dDLC
050 0 0 _aD117
_b.P75
082 0 0 _a940
_bPRS
100 1 _aPrevité-Orton, C. W.
_q(Charles William),
_d1877-1947.
245 1 4 _aThe shorter Cambridge medieval history, Vol-2:
_bthe twelfth century to the renaissance/
_cby the late C. W. Previte-Orton
260 _aCambridge [Eng.]:
_bUniversity Press,
_c1955.
300 _av-2, 645-1201 p. :
_billus., maps.
_c22 cm.
500 _a"The author's concise version of the Cambridge medieval history, of which he had been one of the editors."
505 0 _av. 1. The later Roman Empire to the twelfth century.--v. 2. The twelfth century to the Renaissance.
650 0 _aMiddle Ages.
730 0 _aCambridge medieval history.
906 _a7
_bcbc
_corignew
_du
_eocip
_f19
_gy-gencatlg
942 _2ddc
_cBK